000 00409nam a2200157 i 4500
001 bg
100 1 _aFRANK, Martin
245 0 _aTechnische Mechanik für Ingenieur Schulen.
_nBd. 2,
_pFestikeitslehre /
_cMartin Frank.
260 _aLeipzig :
_bFachbuchverlag,
_c1968.
300 _a524 s.
040 _cBPK
041 _apol
080 _a531:621
942 _cKS
008 s pl f |000 0 pol
999 _c8583
_d8583
856 _uhttp://koha.tu.koszalin.pl/cgi-bin/koha/opac-detail.pl?biblionumber=8583
_yKatalog online BPK